MARC

LEADER 00000nam0a2200000 4500
001 144315
005 20231101221104.0
010 |a 5881110048 
029 0 0 |a RU  |b 3-02.2001  |f МДК 
035 |a (RuTPU)RU\TPU\book\156401 
090 |a 144315 
100 |a 20081001d2008 km y0rusy50 ca 
101 0 |a rus 
102 |a RU 
105 |a y l 001zy 
200 1 |a Правила технической эксплуатации систем и сооружений коммунального водоснабжения и канализации  |e  МДК 3-02.2001  |f Российская Федерация, Государственный комитет по строительству и жилищно-коммунальному комплексу (Госстрой России) 
205 |a официальное изд. 
210 |a Москва  |c ЦПП  |d 2008 
215 |a 155 с. 
320 |a Нормативно-техническая литература: с. 153-155. 
606 1 |a Водоснабжения системы  |x Эксплуатация  |2 stltpush  |3 (RuTPU)RU\TPU\subj\3050  |9 31514 
606 1 |a Канализация   |x Санитарная техника  |2 stltpush  |3 (RuTPU)RU\TPU\subj\13690  |9 40263 
610 1 |a персонал 
610 1 |a подготовка 
610 1 |a системы канализации 
610 1 |a питьевая вода 
610 1 |a сточные воды 
610 1 |a обеззараживание 
610 1 |a установки 
610 1 |a осадки 
610 1 |a обработка 
610 1 |a насосные станции 
610 1 |a средства автоматизации 
610 1 |a автоматизация 
610 1 |a диспетчеризация 
610 1 |a диспетчерское управление 
610 1 |a техническая эксплуатация 
610 1 |a правила 
675 |a 628.1/2(083.13)  |v 3 
712 0 1 |a Российская Федерация  |b Государственный комитет по строительству и жилищно-коммунальному комплексу (Госстрой России)  |c (1999-2004)  |2 stltpush  |3 (RuTPU)RU\TPU\col\2930 
801 1 |a RU  |b 63413507  |c 20081001  |g PSBO 
801 2 |a RU  |b 63413507  |c 20091019  |g PSBO 
900 |a Водоснабжение и инженерные мелиорации 
900 |a Инженерные системы водоснабжения и водоотведения 
942 |c BK 
959 |a 84/20081001  |d 1  |e 275,00  |f ЧЗКДП:1